| 000 | 00670nam a22002057a 4500 | ||
|---|---|---|---|
| 003 | DO-SdBNP | ||
| 005 | 20180213144320.0 | ||
| 008 | 171030b 2007 dr a|| 00| 0 spa d | ||
| 020 | _a9789945161427 | ||
| 040 |
_aBPMSU _bspa _cBPMSU |
||
| 082 | 4 |
_axxxx _bxxxx |
|
| 100 | 1 | _aSosa Valerio, Ariosto Antonio | |
| 245 | 1 | 0 |
_aSistemas de riego a presión / _cAriosto Antonio Sosa Valerio ; prólogo Francisco Escolástico Hidalgo |
| 260 |
_aSanto Domingo : _bConiaf , _c2007. |
||
| 300 |
_a139 p. : _bil. ; _c23 cm. |
||
| 700 | 1 |
_aHidalgo, Francisco Escolástico, _epról. |
|
| 942 |
_2ddc _cBK |
||
| 945 | _aInventariado, 2018 / BT | ||
| 956 |
_aBTAVAREZ _b10 _d20171030 _fBPMSU _h0038 |
||
| 999 |
_c9728 _d9728 |
||